000 00651nam a22002297a 4500
999 _c9757
_d9757
003 AR-CdUCM
008 190328b ||||| |||| 00| 0 spa d
040 _aMUNICIPALIDAD PROVINCIAL DEL CUSCO
_cBIBLIOTECA MUNICIPAL DEL CUSCO
041 _hfr.
082 _a848.9 /
_bR74 / 1927
100 _aRolland, Roman
_926186
245 _aLas amigas /
260 _aMadrid :
_bFerraz,
_c1927.
300 _a294 paginas ;
_c19 cm.
505 _aContenido :Novela /
650 _aLiteratura francesa
_9913
650 _aNovela
_95
650 _aSiglo XX
_98
700 _aMiguel de Toro y Gomez (traductor)
_926187
942 _2ddc
_cLIBROS
945 _arjall